000 02849cam a2200409 4500500
005 20260111072556.0
041 _afre
042 _adc
100 1 0 _aLaquière, Arthur
_eauthor
700 1 0 _aPeyret, Dysmas
_eauthor
700 1 0 _aBoustière, Christian
_eauthor
700 1 0 _aCoron, Emmanuel
_eauthor
700 1 0 _aKarsenti, David
_eauthor
245 0 0 _aL’intelligence artificielle en endoscopie digestive : évolution ou révolution ?
260 _c2026.
500 _a11
520 _aLes réseaux de neurones convolutifs, développés pour la vision par ordinateur, ainsi que les modèles de langage de grande taille ouvrent de nouvelles perspectives dans de nombreuses spécialités médicales, en particulier en endoscopie digestive. Ce domaine fait actuellement l’objet d’une production scientifique abondante, avec de nombreuses études publiées. L’objectif de cet article est de proposer une synthèse actualisée des performances et des principales applications de l’intelligence artificielle en endoscopie digestive. Les différents biais susceptibles d’intervenir dans l’interaction entre les algorithmes d’intelligence artificielle et le gastroentérologue lors de l’endoscopie digestive ont été analysés, ainsi que les approches permettant de les réduire ou de les corriger.
520 _aConvolutional neural networks which were developed for computer vision, and large language models are opening up new possibilities in many medical specialties, particularly digestive endoscopy. This field is currently the subject of a large body of scientific literature, with numerous studies having been published. This article aims to provide an up-to-date overview of artificial intelligence’s performance and main applications in digestive endoscopy. It analyzes the various biases that may arise in the interaction between artificial intelligence algorithms and gastroenterologists during digestive endoscopy, along with approaches to reduce or correct them.
690 _acaractérisation assistée par ordinateur
690 _acholangioscopie
690 _acoloscopie
690 _adétection assistée par ordinateur
690 _aéchoendoscopie
690 _aintelligence artificielle
690 _aœsogastroduodénoscopie
690 _avidéocapsule
690 _aartificial intelligence
690 _acholangioscopy
690 _acolonoscopy
690 _acomputer-assisted characterization
690 _acomputer-assisted detection
690 _aechoendoscopy
690 _aesophagogastroduodenoscopy
690 _avideocapsule
786 0 _nHépato-Gastro & Oncologie Digestive | 32 | 10 | 2026-01-05 | p. 1041-1049 | 2115-3310
856 4 1 _uhttps://stm.cairn.info/revue-hepato-gastro-oncologie-digestive-2025-10-page-1041?lang=fr&redirect-ssocas=7080
999 _c1614975
_d1614975